| 000 | 00896cab a2200265 4500 | ||
|---|---|---|---|
| 001 | ABS49078 | ||
| 008 | 090401t1993 xxu||||| |||| 00| 0 eng d | ||
| 035 | _a(Sirsi) u69824 | ||
| 041 | _aeng | ||
| 100 | _aJames, J. | ||
| 245 | _aCapital allowances and property financing arrangements | ||
| 260 | _c1993 | ||
| 350 | _a0 | ||
| 490 |
_aJournal of Property Finance _v4(1) 1993, 20-25(6) |
||
| 520 | _aChanges in the market for commercial buildings have encouraged a rise in financing strategies which involve the use of capital allowances and tax reliefs. Explains the relationship of allowances and funding of property. | ||
| 650 | _aCAPITAL ALLOWANCES | ||
| 650 | _aOFFICES | ||
| 650 | _aPROPERTY FINANCE | ||
| 650 | _aSHOPPING CENTRES | ||
| 650 | _aWAREHOUSES | ||
| 690 | _aPROPERTY-PROPERTY FINANCE AND INVESTMENT | ||
| 690 | _aTAXATION | ||
| 942 | _n0 | ||
| 948 | _c04/03/1997 | ||
| 999 |
_c43897 _d43897 |
||